00478nam a22001457a 4500003000400000008004100004082002000045245007600065260007400141300001400215650003400229650003200263650001600295700002100311OSt260624b |||||||| |||| 00| 0 eng d a613.04244bR18W aWell-Being of Women : A Holistic Approach/ by Ragini Ranawat...[et al.] aNew Delhi: bInternational Books & Periodicals Supply Service, c2024 ax, 413 p. aTechnology (Applied Sciences) aPersonal health and hygiene aAdult women aRanawat, Ragini